| 000 | 01780nam a2200361 c 4500 | ||
|---|---|---|---|
| 003 | BLK | ||
| 005 | 20180420221040.0 | ||
| 008 | 180408b bul|||||r ||||||| ||bul|| | ||
| 010 | _aKNG00041322000 | ||
| 040 | _aBLK | ||
| 041 |
_aBUL _cBUL |
||
| 080 |
_aВътрешна търговия. Вж и 347.7 ; 657 ; 658 _b339.3 _x:519.87(075.8) _z339.3:519.87(075.8) |
||
| 100 | 1 |
_aАлександров, Крум Стефанов _eпърви автор _9244730 |
|
| 700 | 1 |
_aМладенов, Здравко Стефанов _eсъавт. _9275995 |
|
| 139 |
_aАлександров, Крум Стефанов и др. _bА 51 |
||
| 245 | 1 | 0 |
_aИкономико-математически методи и модели в търговията _bИзследване на операциите : Учебник за студентите от ВИИ К. Маркс - София _cКрум Стефанов Александров; съавт. Здравко Стефанов Младенов. |
| 257 | _aBGR | ||
| 260 |
_аСофия _bВИИ Карл Маркс _c1986 |
||
| 300 |
_a516 с. _bс табл., сх., диагр., 2 л. табл. _c22 см |
||
| 380 | _a5 | ||
| 500 | _aОфс. изд. - Библиогр. с. 508-509. | ||
| 650 | 4 |
_aМодели и моделиране - в търговията _9275996 |
|
| 650 | 4 |
_aВътрешна търговия _9275997 |
|
| 653 | _aматематически методи | ||
| 653 | _aикономически анализ | ||
| 653 | _aтърговия | ||
| 653 | _aучебници за ВУЗ | ||
| 852 | _aЦб 146975 | ||
| 856 | 4 |
_qpdf _u |
|
| 856 | 4 |
_qpdf _u |
|
| 942 |
_cKNG _n0 |
||
| 944 |
_aCR _c28.05.2011 _l28.05.2011 - от С1,Р / 28.05.2011 _kРенета_Константинова |
||
| 944 |
_aED _c04.11.2014 _l28.05.2011 - от С1,Р / 28.05.2011 _k |
||
| 999 |
_c38126 _d38126 |
||